000 00643nam a2200193 i 4500
001 104029
003 ES-MaACL
005 20230906183509.0
007 t|
008 051122s1929 fr ||||1| fre d
100 1 _aMickiewicz, Adam.
_980945
245 1 2 _aL'homme éternel /
_cAdam Mickiewicz ; pages choisies en prose avec préface de M. André Mazon et Introduction de M. Joseph André Teslar.
260 _aParis :
_bParis : Gebethner et Wolff,
_c1929.
300 _a265 p. :
_b1 retr. ;
_c20 cm.
700 1 _aMazon, André.
_979486
700 1 _aTeslar, Joseph André.
_9202239
852 _aES-MaACL
_jA-2010
999 _c104029
_d104029